Handbook of phytopharmacology : (Record no. 21465)
[ view plain ]
| 000 -LEADER | |
|---|---|
| fixed length control field | 00821nam a22002295a 4500 |
| 005 - DATE AND TIME OF LATEST TRANSACTION | |
| control field | 20160321154734.0 |
| 008 - FIXED-LENGTH DATA ELEMENTS--GENERAL INFORMATION | |
| fixed length control field | 160321t2009 ii a frb 000 0 eng d |
| 020 ## - INTERNATIONAL STANDARD BOOK NUMBER | |
| International Standard Book Number | 9788172335526 |
| 040 ## - CATALOGING SOURCE | |
| Original cataloging agency | EG-ScBUE |
| Language of cataloging | eng |
| Transcribing agency | EG-ScBUE |
| 082 04 - DEWEY DECIMAL CLASSIFICATION NUMBER | |
| Classification number | 615.321 |
| Item number | AMR |
| Edition number | 22 |
| 100 0# - MAIN ENTRY--PERSONAL NAME | |
| Personal name | Amritpal Singh, |
| Dates associated with a name | 1971- |
| 9 (RLIN) | 39615 |
| 245 10 - TITLE STATEMENT | |
| Title | Handbook of phytopharmacology : |
| Remainder of title | with scientific monograph of Hypericum perforatum L. / |
| Statement of responsibility, etc | Amritpal Singh Saroya. |
| 260 ## - PUBLICATION, DISTRIBUTION, ETC. (IMPRINT) | |
| Place of publication, distribution, etc | Jodhpur : |
| Name of publisher, distributor, etc | Scientific Publishers (India), |
| Date of publication, distribution, etc | c.2009. |
| 300 ## - PHYSICAL DESCRIPTION | |
| Extent | vii, 264 p. : |
| Other physical details | ill. ; |
| Dimensions | 22 cm. |
| 500 ## - GENERAL NOTE | |
| General note | With Scientific Monograph of Hypericum perforatum L. |
| 650 #7 - SUBJECT ADDED ENTRY--TOPICAL TERM | |
| Topical term or geographic name as entry element | Pharmacognosy. |
| Source of heading or term | BUEsh |
| 9 (RLIN) | 39550 |
| 650 #7 - SUBJECT ADDED ENTRY--TOPICAL TERM | |
| Topical term or geographic name as entry element | Materia medica, Vegetable. |
| Source of heading or term | BUEsh |
| 9 (RLIN) | 39011 |
| 650 #0 - SUBJECT ADDED ENTRY--TOPICAL TERM | |
| Topical term or geographic name as entry element | Medicinal plants. |
| Source of heading or term | BUEsh |
| 9 (RLIN) | 35678 |
| 651 ## - SUBJECT ADDED ENTRY--GEOGRAPHIC NAME | |
| Source of heading or term | BUEsh |
| 653 ## - INDEX TERM--UNCONTROLLED | |
| Resource For college | Pharmacy |
| Arrived date list | March2016 |
| 942 ## - ADDED ENTRY ELEMENTS (KOHA) | |
| Source of classification or shelving scheme | Dewey Decimal Classification |
| Withdrawn status | Item status | Source of classification or shelving scheme | Damaged status | Not for loan | Vendor | Home library | Current library | Shelving location | Date acquired | Source of acquisition | Cost, normal purchase price | Serial Enumeration / chronology | Total Checkouts | Full call number | Barcode | Checked out | Date last seen | Date last borrowed | Cost, replacement price | Koha item type |
|---|---|---|---|---|---|---|---|---|---|---|---|---|---|---|---|---|---|---|---|---|
| Dewey Decimal Classification | Scientific home BookShop | Central Library | Central Library | First floor | 21/03/2016 | Purchase | 365.00 | 1 | 1 | 615.321 AMR | 000032128 | 14/03/2017 | 12/02/2017 | 12/02/2017 | 456.25 | Book - Borrowing |